Problémy pri vzdelávaní podnikateľov
Prínos manažérov a zamestnancov pre úspech firmy podľa ich činnosti. Dopĺňanie kvalifikácie prostredníctvom komplexnej prípravy vo vzdelávacích inštitúciách ponúkajúcich vzdelávacie programy pre podnikateľov. Vzdelávať by sa mali najmä vlastníci firiem.
Saved in:
| Main Author: | |
|---|---|
| Format: | Book Chapter |
| Language: | Slovak |
| Subjects: | |
| Tags: |
No Tags, Be the first to tag this record!
|
MARC
| LEADER | 00000naa a2200000 4500 | ||
|---|---|---|---|
| 001 | r037374 | ||
| 005 | 20230918123245.4 | ||
| 041 | 0 | |a slo | |
| 044 | |a SK | ||
| 245 | 1 | 0 | |a Problémy pri vzdelávaní podnikateľov |c Ján Porvazník |
| 520 | |a Prínos manažérov a zamestnancov pre úspech firmy podľa ich činnosti. Dopĺňanie kvalifikácie prostredníctvom komplexnej prípravy vo vzdelávacích inštitúciách ponúkajúcich vzdelávacie programy pre podnikateľov. Vzdelávať by sa mali najmä vlastníci firiem. | ||
| 610 | 2 | 0 | |a vzdelávanie ďalšie |
| 610 | 2 | 0 | |a doškoľovanie |
| 610 | 2 | 0 | |a zvyšovanie kvalifikácie |
| 610 | 2 | 0 | |a podnikatelia |
| 610 | 2 | 0 | |a pracovníci riadiaci |
| 100 | 1 | |a Porvazník, Ján | |